00705nam a2200229Ia 450000500170000000800390001702000170005604100080007308200150008124500410009625000220013730000400015965000300019965000310022965000300026065000350029026400270032533600270035233700330037933800280041204000350044020220316235504.0121119s1998 sp a grf 000 0 spa a8424128885 0 aspa04a612.6bS2903aEl sexobmanual práctico ilustrado aTercera edición a206 páginasbilustracionesc28 cm14aEducación sexual 2LEMB14aPsicología sexual 2LEMB14aRelaciones sexuales2LEMB14aMujeresxConducta sexual2LEMB aLeón bEverestc1998 atextobtxt2rdacontent asin mediaciónbn2rdamedia avolumenbnc2rdacarrier aCO-BoRNBPbspaerdacCO-BoRNBP